Současné trendy umělé inteligence

Pojem a obsah pojmu umelá inteligencia. Vývojové etapy umelej inteligencie. Základné princípy v inteligentných systémoch. Práca s vedomosťami. Práca s neurčitosťou. Učenie a adaptácia. Komunikácia. Súčasné trendy umelej inteligencie.

Gespeichert in:
Bibliographische Detailangaben
1. Verfasser: Berka, Petr
Format: Buchkapitel
Sprache:Tschechisch
Schlagworte:
Tags: Tag hinzufügen
Keine Tags, Fügen Sie das erste Tag hinzu!

MARC

LEADER 00000naa$a2200000$$$4500
001 0012201
005 20231003120304.0
041 0 |a cze 
044 |a CZ 
245 1 0 |a Současné trendy umělé inteligence  |c aut. Petr Berka 
520 |a Pojem a obsah pojmu umelá inteligencia. Vývojové etapy umelej inteligencie. Základné princípy v inteligentných systémoch. Práca s vedomosťami. Práca s neurčitosťou. Učenie a adaptácia. Komunikácia. Súčasné trendy umelej inteligencie. 
610 2 0 |a inteligencia umelá 
610 2 0 |a história 
610 2 0 |a systémy informačné 
610 2 0 |a systémy počítačové 
610 2 0 |a človek-počítač 
610 2 0 |a vedomosti 
610 2 0 |a komunikácia 
610 2 0 |a adaptácia 
100 1 |a Berka, Petr